00459nam a22001337a 4500003000500000038001800005082000800023100001800031245012800049264003300177650002100210700003700231856005700268NUST aNusrat Nadeem a200 aAhmad, Faizan aTransforming Marketing & Communication approach: Using Omni-Channel Services in Modern Business Operations/cFaizan Ahmad,  aIslamabad:bNBS NUST.c2025. a  Executive MBA aSupervisor: Dr. Khan Burhan Khan uhttp://10.250.8.41:8080/xmlui/handle/123456789/55239